01335cam a22003378i 450000100090000000300050000900500170001400800410003101000170007202000260008904000280011504200080014305000220015108200190017310000350019224500930022725000190032026300090033926400790034830000130042733600260044033700280046633800270049450400510052165000400057265000410061265000520065365000230070565000240072877602450075219032556Nust20170206112517.0160328s2016 enk b 001 0 eng  a 2016014286 a9781119010906 (cloth) aDLCbengcDLCerdadDLC apcc00aTK4058b.G49 201600a621.46 GEY2231 aGeyer, Tobias,d1975-eauthor.10aModel predictive control of high power converters and industrial drives /cTobias Geyer. aFirst edition. a1609 1aChichester, West Sussex, United Kingdom :bJohn Wiley & Sons, Inc.,c2016. apages cm atextbtxt2rdacontent aunmediatedbn2rdamedia avolumebnc2rdacarrier aIncludes bibliographical references and index. 0aElectric motorsxAutomatic control. 0aElectric drivingxAutomatic control. 0aElectric current convertersxAutomatic control. 0aPower electronics. 0aPredictive control.08iOnline version:aGeyer, Tobias, 1975- author.tModel predictive control of high power converters and industrial drivesbFirst edition.dChichester, West Sussex, United Kingdom : John Wiley & Sons, Inc., 2016z9781119010869w(DLC) 2016015090